000 00710nam a2200217 i 4500
001 15935
003 ES-MaACL
005 20250816062542.0
007 t|
008 000524s1996 sp ||||1| spa d
020 _a84-7846-544-8
080 _a7.01(0:82-4)
100 1 _aBolaños, María.
_929943
245 1 0 _aPasajes de la melancolía
_b: arte y bilis negra a comienzos del siglo XX /
_cMaría Bolaños.
260 _a[Valladolid] :
_bConsejería de Educación y Cultura,
_c1996.
300 _a199 p. ;
_c22 cm.
650 7 _aEstética
_2embne
_9142387
710 1 _aCastilla y León.
_bConsejería de Educación y Cultura.
_92500
852 _aES-MaACL
_jL-22897
_bR.128265
999 _c15935
_d15935